00382cam a2200157ua 450000100060000000800390000602000180004504000090006304100080007208200100008010000220009024500490011226000310016130000100019265300220020211040190805n ii |||gr||||Z||||||eng a9789327292732 cMAIN aeng a320.5 aKK Ghai,eAuthor. aIntroduction to political theorycBy KK Ghai aLudhiana:bKalyani,c2018. a258p. aPolitical science